| 000 | 01827nam a2200349 a 4500 | ||
|---|---|---|---|
| 001 | BRCA_3240 | ||
| 005 | 20190320204200.0 | ||
| 008 | 060309s1809----enka---###---#000-0#eng-# | ||
| 041 | _aeng | ||
| 044 | _aenk | ||
| 084 |
_a541 _b.L49 _c1809 |
||
| 100 | 1 |
_aCervantes Saavedra, Miguel de _d1547-1616 _9213 |
|
| 245 | 1 | 0 |
_aThe Life and Exploits of the Ingenious Gentleman Don Quixote de la Mancha _cTranslated from the Original Spanish of Miguel de Cervantes Saavedra by Charles Jarvis. |
| 260 |
_aLondres _bW. Lewis _c1809 |
||
| 300 |
_a2 v. _bil. _c22 cm. |
||
| 500 | _aContenido : v.1. Primera parte. Retrato de Cervantes. Vida de Cervantes extractada de la escrita por Mayáns. Prólogo del autor. Mapa de España y Portugal. Notas. -- v.2. Segunda parte. Notas | ||
| 500 | _aEdición : Now Carefully Revised and Corrected to which is Prefixed a Life of the Author. Embellished with Engravings | ||
| 500 | _aTraducción de Jarvis, adornada con el retrato de Cervantes, copia del de la Academia Española, un mapa de España y Portugal, y láminas de Vanderbank y Coypel. Edición bien impresa. Piel; lomos y planos adornados con dorados Lúdovik Osterc | ||
| 500 | _aEstado físico : Forrados con plástico | ||
| 500 | _aCon ex-libris de : John Bragge | ||
| 546 | _aTexto en : inglés | ||
| 650 | 1 | 4 |
_aNovela española _yÉpoca clásica, 1500-1700 _9215 |
| 650 | 1 | 4 |
_aLiteratura española _yÉpoca clásica, 1500-1700 _9216 |
| 650 | 1 | 4 |
_aNovela española _ySiglo XVII _9217 |
| 650 | 1 | 4 |
_aDon Quijote (Personaje ficticio) _eNovela _9218 |
| 700 | 1 |
_aJarvis, Charles _d?-1739 _eTraductor _98638 |
|
| 700 | 1 |
_aVanderbank, John _d1694-1739 _eIlustrador _98639 |
|
| 700 | 1 |
_aCoypel, Charles-Antone _d1694-1752 _eIlustrador _98640 |
|
| 740 | 0 | _aEl Ingenioso Hidalgo Don Quijote de la Mancha | |
| 902 | _aQFM | ||
| 942 |
_2lcc _cB |
||
| 999 |
_c2976 _d2976 |
||